Дело по ходатайству студентов Харьковского университета

Доступно только в Электронных читальных залах Найти на картеНа карте
RUSMARC
00003755nmc2a22000003x 450
001cf0f514d-2dd4-4a6e-b28c-1f14f97c47b0
00520200123190753.0
100##$a20180122l19161916k l0rusy0189 ca
1010#$arus
102##$aRU
2001#$aДело по ходатайству студентов Харьковского университета
$j11 января - 7 октября 1916 г.
$hЧасть 1
251##$cДело
300##$aДело
801#0$aRU
$bРГИА
$c20180122
$gRCR
801#1$aRU
$bГлавНИВЦ
$c20180122
$2rusmarc
801#2$aRU
$bПБ им. Б.Н. Ельцина
$c20200123
$gRCR
$2rusmarc
850##$aРГИА
852##$aРГИА
$eФедеральное казенное учреждение "Российский государственный исторический архив" (РГИА)
$j542
937##$hРГИА
$d12226769
$aASBIBLIO_SCAN
462#0$100146c96731-af2d-49ce-8199-721d162b0637
$12001
$aДела по ученым учреждениям и высшим учебным заведениям Департамента народного просвещения за 1915-1917 годы
$1251
$cОпись
$1852
$j156
461#0$1001a74412a3-3cc5-4d21-8f0a-dfe2fbd9e72d
$12001
$aДепартамент народного просвещения Министерства народного просвещения (1803-1917)
$1251
$cФонд
$1852
$j733
215##$a140 л.
$d36,5х26 см
371##$aДокумент не является опубликованным и широко распространяемым
105##$ay###
1222#$ad
035##$acf0f514d-2dd4-4a6e-b28c-1f14f97c47b0
856##$uhttp://readingroom.main.prlib.ru/item.aspx?id_node=n137519188&mode=full
Формат отображения